Deadliest Genocides - Statistics

General Stats
  • This quiz has been taken 450 times
  • The average score is 5 of 15
Answer Stats
Year Deaths Genocide % Correct
1941-1945 6,050,000 The Holocaust
95%
1915-1917 1,050,000 Armenian Genocide
78%
1994 645,500 Rwandan Genocide
78%
1932-1933 4,000,000 Holodomor
58%
1975-1979 2,193,367 Cambodian Genocide
54%
1939-1945 2,400,000 Polish Genocide
32%
1492-1514 518,000 Taíno Genocide
28%
1914-1922 600,000 Greek Genocide
27%
1971 1,650,000 Bangladesh Genocide
22%
1755-1758 540,000 Dzungar Genocide
22%
1939-1945 815,000 Romani Genocide
18%
1915-1919 475,000 Sayfo
14%
1864-1867 1,500,000 Circassian Genocide
10%
1209-1229 600,000 Albigensian Crusade
3%
1941-1944 1,042,000 Siege of Leningrad
1%
No matching quizzes found
Score Distribution
Percent of People with Each Score
Percentile by Number Answered
Your Score History
You have not taken this quiz